banner-ar

HIZB'ALLAH IN LEBANON: THE POLITICS OF WESTERN HOSTAGE CRISIS (Record no. 14820)

MARC details
000 -الفاتح
حقل البيانات ثابتة الطول 00393nam a2200145Ia 4500
008 - عناصر البيانات ثابتة الطول - معلومات عامة
حقل البيانات ثابتة الطول 140319s9999 xx 000 0 eng d
040 ## - مصدر الفهرسة
وكالة الفهرسة الأصلية GCL /
وكالة النسخ GCL
082 04 - رقم تصنيف ديوى العشرى
رقم التصنيف 956.92044
رقم المادة R H
245 10 - بيان العنوان
العنوان HIZB'ALLAH IN LEBANON: THE POLITICS OF WESTERN HOSTAGE CRISIS
650 04 - المدخل الاضافى بالموضوع-مصطلح موضوعى
مصطلح موضوعي LEBANON - CULTURE
650 04 - المدخل الاضافى بالموضوع-مصطلح موضوعى
مصطلح موضوعي LEBANON
650 04 - المدخل الاضافى بالموضوع-مصطلح موضوعى
مصطلح موضوعي LEBANON - POLITICS AND GOVERNMENT
942 ## - عناصر المدخل الإضافي( كوها)
مصدر التصنيف او مخطط الترفيف Dewey Decimal Classification
Koha [default] item type كتاب
Holdings
حالة التراجع حالة الفقد حالة تلف ليس للاعارة المكان المؤقت الموقع الحالى تاريخ الاكتساب اجمالي اﻻعارات رقم الطلب الباركود تاريخ اخر مشاهدة تاريخ تفعيل السعر نوع وعاء كوها
        مكتبة القاهرة الكبرى مكتبة القاهرة الكبرى 03/26/2014   956.92044\R H 27730 03/26/2014 03/26/2014 كتاب
        مكتبة القاهرة الكبرى مكتبة القاهرة الكبرى 03/26/2014   956.92044\R H 27731 03/26/2014 03/26/2014 كتاب

Powered By

EGPV